000 00649nam a2200205Ia 4500
003 GCL
008 140319s9999 xx 000 0 ara d
040 _aGCL /
_cGCL
082 0 4 _aط
_b523.111
_bر ك
100 1 _aرؤوف سلامه موسى
245 1 0 _aكائنات ذكية وراء الفضاء ? /
_cرؤوف سلامه موسى
260 _a[S.N] :
_bدار مطابع المستقبل
300 _a81 ص
490 _aالمكتبة العلمية للشباب
_v0
650 0 4 _aالفضاء
650 0 4 _aالفلك الوصفى
650 0 4 _aالاجرام السماوية
650 0 4 _aالكون، علم
942 _2ddc
_cBK
999 _c36201
_d36201